| 000 | 00411pab a2200157 454500 | ||
|---|---|---|---|
| 008 | 180718b1995 xxu||||| |||| 00| 0 eng d | ||
| 100 | _aGiri, Ananta K. | ||
| 245 | _aUniversities and the horizons of the future | ||
| 260 | _c1995 | ||
| 300 | _ap.1-7 | ||
| 362 | _a13 Nov | ||
| 650 | _aUniversities and colleges - India | ||
| 650 | _aEducation, Higher - India | ||
| 773 | _aUniversity News | ||
| 909 | _a29996 | ||
| 999 |
_c29996 _d29996 |
||